VSŽ sa v boji o Vihorlat vzdali

Podrobná bibliografia
Hlavný autor: Beer, Gabriel, 1963- (Autor)
Korporácia: Vihorlat (Snina, Slovensko) (Autor), VH, Snina (Autor)
Médium: Článok
Jazyk:slovenčina
Predmet:

MARC

LEADER 00000nab a2200000 a 4500
001 vtls000928526
003 SK-MaSNL
005 20260303231848.0
008 040720e20010000xo 0 slo
035 |a KE37403 
040 |a KEVKJB  |b slo  |c KEVKJB  |e AACR2 
041 0 |a slo 
044 |a xo  |c SK 
080 |a 621.396:929  |2 1981 
100 1 |a Beer, Gabriel,  |d 1963-  |4 aut  |9 135493 
245 1 0 |a VSŽ sa v boji o Vihorlat vzdali 
610 2 7 |a Vihorlat (Snina, Slovensko)  |2 KEVKJB  |9 34231 
610 2 7 |a VH, Snina  |2 KEVKJB  |9 1267342 
650 0 7 |a zmena majiteľa  |2 KEVKJB  |9 878166 
651 7 |a KE,  |2 KEVKJB  |9 877256 
655 7 |a periodikum  |2 snkbucl  |9 29553 
710 2 |a Vihorlat (Snina, Slovensko)  |4 aut  |9 34231 
710 2 |a VH, Snina  |4 aut  |9 1267342 
773 0 8 |t Trend  |g Roč. 11  |g Roč. 28, č.40 (2001), s. 1 
852 |a ZVYKNI  |b KIS3GCP 
999 |c 2268979  |d 2270909